|
|
|
|
| LEADER |
03530nam a2200817 i 4500 |
| 001 |
nkc20213343509 |
| 003 |
CZ PrNK |
| 005 |
20220318084817.0 |
| 007 |
ta |
| 008 |
210715s2021 xr achif 000 0dcze |
| 015 |
|
|
|a cnb003343509
|
| 020 |
|
|
|a 978-80-11-00047-9
|q (vázáno)
|
| 035 |
|
|
|a (OCoLC)1302727577
|
| 040 |
|
|
|a OLA001
|b cze
|d ABA001
|e rda
|
| 041 |
0 |
|
|a cze
|b eng
|b ger
|
| 043 |
|
|
|a e-xr---
|a ec-----
|
| 045 |
|
|
|a u-y-
|
| 072 |
|
7 |
|a 27-78
|x Křesťanská sdružení, spolky a organizace. Řeholní řády
|2 Konspekt
|9 5
|
| 080 |
|
|
|a 27-789.4-788.461
|2 MRF
|
| 080 |
|
|
|a 2-784/-788+[929.733+929.71]
|2 MRF
|
| 080 |
|
|
|a 929.648
|2 MRF
|
| 080 |
|
|
|a 2-7:391.75
|2 MRF
|
| 080 |
|
|
|a 351.856.2+355.134
|2 MRF
|
| 080 |
|
|
|a (437.3)
|2 MRF
|
| 080 |
|
|
|a (4-191.2)
|2 MRF
|
| 080 |
|
|
|a (048.8)
|2 MRF
|
| 080 |
|
|
|a (084.12)
|2 MRF
|
| 100 |
1 |
|
|a Koláčný, Ivo,
|d 1945-
|7 xx0053163
|4 aut
|4 pbl
|
| 245 |
1 |
0 |
|a Kříž s hvězdou =
|b Kreuz mit Stern = Cross with star /
|c Ivan Koláčný
|
| 246 |
3 |
1 |
|a Kreuz mit Stern
|
| 246 |
3 |
1 |
|a Cross with star
|
| 250 |
|
|
|a 1. vydání
|
| 264 |
|
1 |
|a Brno :
|b Ivan Koláčný,
|c 2021
|
| 300 |
|
|
|a 185 stran :
|b ilustrace (převážně barevné), portréty, faksimile, erby ;
|c 31 cm
|
| 336 |
|
|
|a text
|b txt
|2 rdacontent
|
| 336 |
|
|
|a statický obraz
|b sti
|2 rdacontent
|
| 337 |
|
|
|a bez média
|b n
|2 rdamedia
|
| 338 |
|
|
|a svazek
|b nc
|2 rdacarrier
|
| 504 |
|
|
|a Obsahuje bibliografie a bibliografické odkazy
|
| 546 |
|
|
|a Anglická a německá resumé
|
| 610 |
2 |
7 |
|a Křižovníci s červenou hvězdou
|7 kv2009498132
|2 czenas
|
| 648 |
|
7 |
|a 13.-21. století
|7 ch757063
|2 czenas
|
| 648 |
|
7 |
|a 17.-20. století
|7 ch757026
|2 czenas
|
| 650 |
0 |
7 |
|a křižovníci s červenou hvězdou
|7 ph172910
|z Česko
|y 13.-21. století
|2 czenas
|
| 650 |
0 |
7 |
|a křižovníci s červenou hvězdou
|7 ph172910
|z Evropa střední
|y 13.-21. století
|2 czenas
|
| 650 |
0 |
7 |
|a křižovníci s červenou hvězdou
|7 ph172910
|x dějiny
|2 czenas
|
| 650 |
0 |
7 |
|a křižovníci s červenou hvězdou
|7 ph172910
|x symbolika
|2 czenas
|
| 650 |
0 |
7 |
|a rytířské řeholní řády
|7 ph138556
|2 czenas
|
| 650 |
0 |
7 |
|a církevní heraldika
|7 ph462053
|y 17.-20. století
|2 czenas
|
| 650 |
0 |
7 |
|a církevní insignie
|7 ph119293
|y 17.-20. století
|2 czenas
|
| 650 |
0 |
7 |
|a řády a vyznamenání
|7 ph128304
|y 17.-20. století
|2 czenas
|
| 650 |
0 |
7 |
|a faleristika
|7 ph127186
|y 17.-20. století
|2 czenas
|
| 650 |
0 |
9 |
|a Knights of the Cross with the Red Star
|z Czechia
|y 13th-21st centuries
|2 eczenas
|
| 650 |
0 |
9 |
|a Knights of the Cross with the Red Star
|z Europe, Central
|y 13th-21st centuries
|2 eczenas
|
| 650 |
0 |
9 |
|a Knights of the Cross with the Red Star
|x history
|2 eczenas
|
| 650 |
0 |
9 |
|a Knights of the Cross with the Red Star
|x symbolism
|2 eczenas
|
| 650 |
0 |
9 |
|a orders of knighthood and chivalry
|2 eczenas
|
| 650 |
0 |
9 |
|a ecclesiastical heraldry
|y 17th-20th centuries
|2 eczenas
|
| 650 |
0 |
9 |
|a church insignia
|y 17th-20th centuries
|2 eczenas
|
| 650 |
0 |
9 |
|a decorations of honor
|y 17th-20th centuries
|2 eczenas
|
| 650 |
0 |
9 |
|a faleristics
|y 17th-20th centuries
|2 eczenas
|
| 655 |
|
7 |
|a monografie
|7 fd132842
|2 czenas
|
| 655 |
|
7 |
|a fotografické publikace
|7 fd132276
|2 czenas
|
| 655 |
|
9 |
|a monographs
|2 eczenas
|
| 655 |
|
9 |
|a photographical works
|2 eczenas
|
| 910 |
2 |
|
|a BOA001
|b 4-1479.908
|
| 990 |
|
|
|a BK
|
| 995 |
|
|
|a 01
|
| 991 |
|
|
|b 202203
|c NOV
|
| 996 |
6 |
|
|b 2610892208
|c 4-1479.908
|l MZK
|r Sklad / do 1 hodiny
|n 0
|p p.v.
|w 001876202
|u 000010
|a 1
|e BOA001
|j MZK50
|s P
|
| 996 |
7 |
|
|b 2610892209
|c 4-1479.908
|l MZK
|r Sklad / do 1 hodiny
|n 1
|p p.v.
|w 001876202
|u 000020
|a 1
|e BOA001
|j MZK50
|s A
|